| 000 | 00670nab a2200193 4500 | ||
|---|---|---|---|
| 001 | 244442 | ||
| 003 | OSt | ||
| 005 | 20241008134233.0 | ||
| 007 | tu | ||
| 008 | 200917s2020||||||| | ||
| 040 |
_aDE-2950 _cDE-2950 |
||
| 245 | 0 | 0 |
_aHochwasser-Helfer und Handwerker feiern zusammen _bGaudi. Das Oktoberfest ist vorbei. Am vorletzten Abend feierten auch Einsatzkräfte mit, die in den letzten Wochen beim Hochwasser geholfen haben/ _cRené Matschkowiak |
| 264 | _c2024 | ||
| 653 | _aFrankfurt (Oder) | ||
| 653 | _aOktoberfest | ||
| 653 | _aHochwasserhelfer | ||
| 773 | 0 |
_g35. Jahrgang (2024) Nr. 235 vom 08.10.2024, S. 16 mit Foto _tMärkische Oderzeitung |
|
| 942 |
_2z _cA |
||
| 999 |
_c373407 _d373407 |
||